00985naa a2200169 i 45000010005000000030009000050050017000140080041000310400029000720410013001011000119001142450170002335460019004036500042004227730269004647000082007339110KOSZ 00520180320090316.0180317s2010 pl f |000 0 pol  aKOSZ 005/HRcKOSZ 005/HR0 apolbeng aZAWADZKA, Danuta.d2007-2011.bPolitechnika Koszalińska - Instytut Ekonomii i Zarządzania,cZakład Finansów10aOcena wywołanych czynnikami pozacenowymi zmian prawdopodobieństwa ubiegania się o kredyt bankowy przez małe przedsiębiorstwa /cDanuta Zawadzka, Roman Ardan. aStreszcz. ang. 0aPrzedsiębiorstwa małe i średnie.0 iW :tEfektywność - rozważania nad istotą i pomiarem / red. nauk. Tadeusz Dudycz, Grażyna Osbert-Pociecha. -dWrocław : Wydaw. Uniwersytetu Ekonomicznego, 2010. -gs. 603-615z9788376950716kPrace Naukowe Uniwersytetu Ekonomicznego we Wrocławiu ; nr 144 aARDAN, Roman.bPolitechnika Koszalińska - Instytut Ekonomii i Zarządzania